Power Rangers Series - Sudden Death - Statistics

General Stats
  • This quiz has been taken 640 times
  • The average score is 10 of 16
Answers on the Grid
Answers color-coded by a green-red scale on the quiz's grid according to % correct below.
Samurai
Dino Thunder
Ninja Steel
Super Legends
Mystic Force
Mighty Morphin
SOS
Zeo
Star Warriors
Time Force
Lost Galaxy
Hyperforce
RPM
Ninja Force
Beast Morphers
SPD
Megaforce
Wild Fury
Operation Overdrive
Lightspeed Rescue
Dino Charge
Supernova
In Space
VR
 
Answer Stats
Answer % Correct
Samurai
86%
Mighty Morphin
85%
Dino Thunder
83%
Mystic Force
82%
Ninja Steel
77%
Time Force
71%
Zeo
70%
Lost Galaxy
64%
RPM
55%
SPD
48%
Megaforce
47%
Beast Morphers
43%
Dino Charge
43%
Lightspeed Rescue
37%
In Space
36%
Operation Overdrive
35%
No matching quizzes found
Score Distribution
Percent of People with Each Score
Percentile by Number Answered
Your Score History
You have not taken this quiz